Movies Quiz

Random Movies or Quote Quiz

'A' for Al, 'B' for Bobby Quiz Stats

 Plays Quiz not verified by Sporcle

Challenge
Share
Tweet
Embed
Score 0/30 Timer 10:00
0 Plays Today
Quote Pacino (A) or De Niro (B) % Correct
You talkin' to me? You talkin' to me????
32.9%
We're in hell right now gentlemen. Believe me. And we can stay here, get the * kicked out of us, or we can fight our way back into the light, can climb outta hell 1 inch at a time.???
32.9%
YOU'RE out of order! YOU'RE out of order! THE WHOLE TRIAL IS OUT OF ORDER!???
29.1%
I know it was you, Fredo. You broke my heart. You broke my heart.???
29.1%
Did you f--- my wife? Did you f--- my wife????
29.1%
Attica! Attica!???
27.8%
Fredo, you're my older brother, and I love you, but don't ever take sides with anyone against the family again. Ever.???
26.6%
Never rat on your friends and always keep your mouth shut.???
25.3%
Look at the size of this trunk. You can put three bodies in there.???
24.1%
I'd show you, but I'm too old, I'm too tired, I'm too ----in' blind. If I were the man I was five years ago, I'd take a FLAMETHROWER to this place!???
22.8%
But I'll tell ya, if it's between you, and some poor bastard whose wife you're going to turn into a widow...brother, you are going down.???
22.8%
You have just said goodbye to oxygen. You silly, stupid cop. You refused me. I offer you the keys to a kingdom and you tell me you're an officer of the law? I AM THE LAW! ME!???
21.5%
In this country, you gotta make the money first. Then when you get the money, you get the power. Then when you get the power, then you get the women.???
21.5%
Back home, they would have put me in jail for what I'm doing. Here, they're giving me awards.???
20.3%
I will be watching you and if I find that you are trying to corrupt my first born child, I will bring you down, baby.???
20.3%
Quote Pacino (A) or De Niro (B) % Correct
Is it newsworthy? Yes. Are we gonna air it? Of course not. Why? Because he's not telling the truth? No. Because he is telling the truth.???
19%
Look, but don't touch. Touch, but don't taste. Taste, don't swallow.???
17.7%
The saddest thing in life is wasted talent.???
17.7%
Every man... every man has to go through hell to reach paradise.???
17.7%
What's this for? For bein' an honest cop? Hmm? Or for being stupid enough to get shot in the face? You tell them that they can shove it.???
17.7%
Can I ask you something? These sunglasses, they're really nice: are they government-issued, or all you guys go to the same store to get them????
16.5%
When they send for you, you go in alive, you come out dead, and it's your best friend that does it.???
15.2%
What am I doing? I'm talking to an empty telephone. 'Cause there is a dead man on the other end of this f-----' line???
15.2%
I'm rejuvenated, rehabilitated, reassimilated, and it didn't take no 15 years like your honor said!???
13.9%
Was that BEFORE OR AFTER you noticed you were standing in a lake of GASOLINE, YOU IDIOT????
13.9%
I do things with her I can't do with my wife.???
12.7%
Don't you talk back to me! You show me some respect! Without people like me, you're nothing!???
12.7%
A good plan today is better than a perfect plan tomorrow.???
10.1%
You don't become a cop because you want to serve and protect. You join the force because they let you carry a gun and a badge. You do it because you get respect.???
10.1%
The flesh is weak, Johnny. Only the soul is immortal. And yours belongs to me.???
8.9%

You're not logged in!

Compare scores with friends on all Sporcle quizzes.
OR
Log In

You Might Also Like...

Show Comments

Extras

Top Quizzes Today


Score Distribution

Your Account Isn't Verified!

In order to create a playlist on Sporcle, you need to verify the email address you used during registration. Go to your Sporcle Settings to finish the process.

Report this User

Report this user for behavior that violates our Community Guidelines.

Details: